000 00353cam a22001217a 4500
008 180718b1972 xxu||||| |||| 00| 0 eng d
082 _aY1511x54 K143
100 _aKapur, R.L.
245 _aThe registration act (1908), 16 of 1908
_cby R.L. Kapur
260 _aChandigarh
_bKapur Law
_c1972
300 _a346p.
650 _aLand titles registration - India
999 _c347478
_d347478